Welcome to CU Library Online Public Access Catalogue (OPAC)

CLINICALLY ORIENTED ANATOMY (Record no. 1232)

MARC details
000 -LEADER
fixed length control field 00484nam a22001817a 4500
005 - DATE AND TIME OF LATEST TRANSACTION
control field 20241115104733.0
008 - FIXED-LENGTH DATA ELEMENTS--GENERAL INFORMATION
fixed length control field 241115b |||||||| |||| 00| 0 eng d
020 ## - INTERNATIONAL STANDARD BOOK NUMBER
International Standard Book Number 9781605476520
050 ## - LIBRARY OF CONGRESS CALL NUMBER
Classification number QM23
Item number .2M67 MOO
100 ## - MAIN ENTRY--PERSONAL NAME
Personal name MOORE, L. KEITH
245 ## - TITLE STATEMENT
Title CLINICALLY ORIENTED ANATOMY
250 ## - EDITION STATEMENT
Edition statement 6TH
260 ## - PUBLICATION, DISTRIBUTION, ETC.
Place of publication, distribution, etc. PHILADELPHIA
Name of publisher, distributor, etc. QM23.2.M67 MOO
Date of publication, distribution, etc. c2010
300 ## - PHYSICAL DESCRIPTION
Extent xiii,1134p
Other physical details ill, col.;
500 ## - GENERAL NOTE
General note includes index
700 ## - ADDED ENTRY--PERSONAL NAME
Personal name AGUR, ANNE M.R [et...al]
942 ## - ADDED ENTRY ELEMENTS (KOHA)
Source of classification or shelving scheme Library of Congress Classification
Koha item type Books
Suppress in OPAC No
999 ## -
-- 1232
-- 1232
Holdings
Withdrawn status Lost status Source of classification or shelving scheme Damaged status Not for loan Collection Home library Current library Shelving location Date acquired Total checkouts Full call number Barcode Date last seen Copy number Price effective from Koha item type
    Library of Congress Classification     Non-fiction Science Library (Miotso) Science Library (Miotso) General stacks 12/14/2024   QM23.2.M97 MOO SLM00001392 12/14/2024 3 12/14/2024 Books
    Library of Congress Classification     Non-fiction Science Library (Miotso) Science Library (Miotso) General stacks 12/14/2024   QM23.2.M97 MOO SLM00001393 12/14/2024 4 12/14/2024 Books
    Library of Congress Classification     Non-fiction Science Library (Miotso) Science Library (Miotso) General stacks 12/14/2024   QM23.2.M97 MOO SLM00001394 12/14/2024 5 12/14/2024 Books
    Library of Congress Classification     Non-fiction Undergraduate Library (Christ Temple) Undergraduate Library (Christ Temple) General stacks 11/15/2024   QM23.2.M97 MOO ulct00000320 11/15/2024 2 11/15/2024 Books
    Library of Congress Classification     Non-fiction Undergraduate Library (Christ Temple) Undergraduate Library (Christ Temple) General stacks 11/15/2024   QM23.2.M97 MOO ulct00000321 11/15/2024 3 11/15/2024 Books
© 2023-2024 Copyright: Central University Libraries. All Rights Reserved | Created by: Mahone Tech Office